नित्य पूजा क्यों और कैसेःपंचदेवोपासना के साथ ही अन्य विशिष्ट देवी-देवताओं की उपासना विधियां (Record no. 7235)
[ view plain ]
| 000 -LEADER | |
|---|---|
| fixed length control field | 01493 a2200241 4500 |
| 005 - DATE AND TIME OF LATEST TRANSACTION | |
| control field | 20080916111028.0 |
| 008 - FIXED-LENGTH DATA ELEMENTS--GENERAL INFORMATION | |
| fixed length control field | 080916t xxu||||| |||| 00| 0 hin d |
| 010 ## - LCCN (DPL NO) | |
| LC control number | HIN-80883 |
| 020 ## - INTERNATIONAL STANDARD BOOK NUMBER | |
| Terms of availability | 325.00 |
| International Standard Book Number | 818809997x |
| 035 ## - SYSTEM CONTROL NUMBER | |
| System control number | HN-53229 |
| 037 ## - SOURCE OF ACQUISITION | |
| Source of stock number/acquisition | D.B.Act / ven |
| 082 ## - DEWEY DECIMAL CLASSIFICATION NUMBER | |
| Classification number | 230.42 |
| 100 ## - MAIN ENTRY--PERSONAL NAME | |
| Personal name | श्रीवास्तव, सी.एम. |
| 245 ## - TITLE STATEMENT | |
| Title | नित्य पूजा क्यों और कैसेःपंचदेवोपासना के साथ ही अन्य विशिष्ट देवी-देवताओं की उपासना विधियां |
| Statement of responsibility, etc | सी.एम. श्रीवास्तव |
| 246 ## - VARYING FORM OF TITLE | |
| Title proper/short title | Nitya Puja kayu aur kashe |
| Remainder of title | C.M.Shrivashtay |
| 260 ## - PUBLICATION, DISTRIBUTION, ETC. (IMPRINT) | |
| Place of publication, distribution, etc | दिल्ली |
| Name of publisher, distributor, etc | मनोज पब्लिकेशन्स |
| Date of publication, distribution, etc | 2007 |
| 260 ## - PUBLICATION, DISTRIBUTION, ETC. (IMPRINT) | |
| Place of publication, distribution, etc | जयपुर |
| Name of publisher, distributor, etc | अनु प्रकाशन (वितरक) |
| 270 ## - ADDRESS | |
| Address | मनोज पब्लिकेशन्स |
| City | दिल्ली |
| 270 ## - ADDRESS | |
| Address | 958,धामाणी मार्केट की गली चौड़ा रास्ता |
| City | जयपुर |
| 300 ## - PHYSICAL DESCRIPTION | |
| Extent | 311पृ |
| Dimensions | 22 सेमी (सजिल्द) |
| 942 ## - ADDED ENTRY ELEMENTS (KOHA) | |
| Institution code [OBSOLETE] | dpl |
| Item type | Hindi Books |
| Call number prefix | 230.42 / श्रीवास्त |
| Source of classification or shelving scheme | Dewey Decimal Classification |
| Classification part | 230.42 |
| Call number suffix | श्रीवास्त |
| Withdrawn status | Lost status | Source of classification or shelving scheme | Damaged status | Not for loan | Home library | Current library | Date acquired | Cost, normal purchase price | Total Checkouts | Full call number | Barcode | Date last seen | Copy number | Cost, replacement price | Koha item type |
|---|---|---|---|---|---|---|---|---|---|---|---|---|---|---|---|
| Dewey Decimal Classification | D.B.Act.Division | D.B.Act.Division | 16/09/2008 | 325.00 | 230.42 श्रीवास्त | HN-53229 | 15/09/2008 | 1 | 325.00 | Hindi Books |
